|
|
|
|
| LEADER |
00000nam a22000007a 4500 |
| 005 |
20131217164434.0 |
| 007 |
cr|||| |||| |
| 008 |
131217s2013 sp |||||s|||| 00||0 spa d |
| 020 |
|
|
|a 978-84-9031-441-8
|
| 035 |
|
|
|a 11686
|
| 040 |
|
|
|a vLex
|
| 090 |
|
|
|c 4622
|d 4622
|
| 100 |
1 |
|
|a Přez Sur̀ez, Jorge Ramiro
|
| 245 |
1 |
3 |
|a Las Crn̤icas de Enriq.
|h [Recurso electrn̤ico] :
|b La enseąnza de la Criminologa̕ y el Derecho Penal a travš del mťodo del caso /
|c Jorge Ramiro Přez Sur̀ez
|
| 256 |
|
|
|a Servicio en ln̕ea
|
| 260 |
|
|
|a Madrid :
|b Dykinson,
|c 2013
|
| 300 |
|
|
|a 1 recurso electrn̤ico
|
| 506 |
1 |
|
|a Contenido solo disponible en los productos indicados
|d vLex Global
|d vLex Global (Academic Edition, excluding Law Schools)
|d vLex Global (U.S. Academic Edition, Law Schools)
|d vLex Global (U.S. Academic Edition, excluding Law Schools)
|d vLex Global (Academic Edition, Law Schools)
|
| 650 |
0 |
4 |
|a Criminologa̕
|
| 650 |
0 |
4 |
|a Derecho penal
|
| 740 |
0 |
|
|a vLex Libros (Servicio en ln̕ea)
|
| 856 |
4 |
0 |
|u http://vlex.com/source/las-cronicas-enriq-11686
|z Acceso restringido
|
| 942 |
|
|
|c BOOK
|
| 999 |
0 |
|
|a Criminology
|
| 999 |
0 |
|
|a Criminal Law
|